000 00956nam a22002057a 4500
003 OSt
005 20160620110311.0
008 150409b2013 slv spa
040 _cBMC
082 _a658.04
100 1 _935655
_aMartínez Cardona, Roberto de Jesús
245 1 0 _aPasantía de asistente a la gerencia de ventas en el área de mercado en Automax S.A. de C.V.
_b: Informe final
_cRoberto de Jesús Martínez Cardona
260 _aSanta Ana (El Salvador)
_bUniversidad Católica de El Salvador
_c2008
300 _a1 v. (pág. var.)
_bil. col.
_c27 cm
_e+ 1 disco compacto
500 _aPrecede al tít.: Universidad Católica de Occidente, Facultad de Ciencias Económicas
502 _aTrabajo de graduación para optar al grado académico de Licenciada en Administración de Empresas
650 0 _93341
_aGestión de empresas
710 0 _91067
_aUniversidad Católica de El Salvador
_bFacultad de Ciencias Empresariales
942 _2ddc
_cTG
999 _c21995
_d21995